Environmental education and career planning / (Record no. 18804)

MARC details
000 -LEADER
fixed length control field 00965nam a22002417a 4500
008 - FIXED-LENGTH DATA ELEMENTS--GENERAL INFORMATION
fixed length control field 081120t xxu||||| |||| 00| 0 eng d
010 ## - LCCN (DPL NO)
LC control number ENG-91691
020 ## - INTERNATIONAL STANDARD BOOK NUMBER
International Standard Book Number 9788184550726
Terms of availability 690.00
035 ## - SYSTEM CONTROL NUMBER
System control number EN-75224
037 ## - SOURCE OF ACQUISITION
Source of stock number/acquisition DBAD / PUB
040 ## - CATALOGING SOURCE
Original cataloging agency dpl
Language of cataloging English
082 ## - DEWEY DECIMAL CLASSIFICATION NUMBER
Classification number 363.70071
245 ## - TITLE STATEMENT
Title Environmental education and career planning /
Statement of responsibility, etc edited by G. Madan Mohan
260 ## - PUBLICATION, DISTRIBUTION, ETC. (IMPRINT)
Place of publication, distribution, etc New Delhi
Name of publisher, distributor, etc Omega Publications
Date of publication, distribution, etc 2008
270 ## - ADDRESS
Address 4398/5, Ansari Road, Daryaganj,
City New Delhi
Postal code 110002
300 ## - PHYSICAL DESCRIPTION
Extent v, 269p.
Dimensions 22cm (Hb)
500 ## - GENERAL NOTE
General note Includes bibliographical references and index
650 ## - SUBJECT ADDED ENTRY--TOPICAL TERM
Topical term or geographic name as entry element Environmental education
650 ## - SUBJECT ADDED ENTRY--TOPICAL TERM
Topical term or geographic name as entry element Environmental protection
General subdivision Vocational guidance.
700 ## - ADDED ENTRY--PERSONAL NAME
Personal name Madan Mohan, G
942 ## - ADDED ENTRY ELEMENTS (KOHA)
Source of classification or shelving scheme Dewey Decimal Classification
Item type English Books
Call number suffix ENV
Classification part 363.70071
Holdings
Withdrawn status Lost status Source of classification or shelving scheme Damaged status Not for loan Collection code Home library Current library Date acquired Source of acquisition Cost, normal purchase price Total Checkouts Full call number Barcode Date last seen Copy number Cost, replacement price Koha item type
    Dewey Decimal Classification   Not For Loan Non-fiction D.B.Act.Division D.B.Act.Division 20/11/2008 DBAD / PUB 690.00   363.70071 ENV EN-75224 20/11/2008 1 690.00 English Books

© Delhi Public Library
Hit Counter
free hit counter